00504nam a2200193 a 4500001001300000003000900013005001700022008004100039020002300080082001700103100001800120245004900138260003400187300000800221500003500229505001200264650001600276700001800292nice12345678IN_TiNIC20260116013903.0050524s0000 dela grp 000 0 eng  a8170414 c12500a922.97bHUS1 aHussain, Riaz aIqbalb an International Missionary of Islam aDelhibAnmol Publishersc0000 a92p aincludes index and biblioraphy2 aIndices aKarma-Marga1 aHussain, Riaz